000 01440nam a22003137a 4500
005 20080918163843.0
008 080918t xxu||||| |||| 00| 0 hin d
010 _aHIN-92693
020 _c200.00
_a9788190545969
035 _aHN-65039
037 _bDBAD / PUB
040 _aDPL
_bHN
082 _a333.79
100 _9747
_aमंजीत सिंह
245 _aऊर्जा सम्पदाएँ एवं प्रबन्धन /
_cमंजीत सिंह
246 _bby Manjeet Singh
_aUrja Sampadaye avm Prabandhan
260 _aजयपुर
_bदिया प्रकाशन
_c2011
270 _a98, विनोबा विहार , मालवीय नगर
_bजयपुर
300 _a188पृ.
_c22सेमी (सजिल्द)
650 _9697
650 _9698
700 _927881
700 _927882
700 _927883
942 _2ddc
_cHN
_mमंजीत
_h333.79
999 _c52397
_d52397